<?xml version="1.0" encoding="UTF-8"?><?xml-stylesheet type="text/xsl" href="static/style.xsl"?><OAI-PMH xmlns="http://www.openarchives.org/OAI/2.0/" xmlns:xsi="http://www.w3.org/2001/XMLSchema-instance" xsi:schemaLocation="http://www.openarchives.org/OAI/2.0/ http://www.openarchives.org/OAI/2.0/OAI-PMH.xsd"><responseDate>2026-04-29T00:16:36Z</responseDate><request verb="GetRecord" identifier="oai:riubu.ubu.es:10259/5531" metadataPrefix="marc">https://riubu.ubu.es/oai/request</request><GetRecord><record><header><identifier>oai:riubu.ubu.es:10259/5531</identifier><datestamp>2021-11-02T12:05:30Z</datestamp><setSpec>com_10259_3593</setSpec><setSpec>com_10259_5086</setSpec><setSpec>com_10259_2604</setSpec><setSpec>col_10259_3594</setSpec></header><metadata><record xmlns="http://www.loc.gov/MARC21/slim" xmlns:doc="http://www.lyncode.com/xoai" xmlns:xsi="http://www.w3.org/2001/XMLSchema-instance" xmlns:dcterms="http://purl.org/dc/terms/" xsi:schemaLocation="http://www.loc.gov/MARC21/slim http://www.loc.gov/standards/marcxml/schema/MARC21slim.xsd">
<leader>00925njm 22002777a 4500</leader>
<datafield tag="042" ind1=" " ind2=" ">
<subfield code="a">dc</subfield>
</datafield>
<datafield tag="720" ind1=" " ind2=" ">
<subfield code="a">Virumbrales, Cintia</subfield>
<subfield code="e">author</subfield>
</datafield>
<datafield tag="720" ind1=" " ind2=" ">
<subfield code="a">Suarez Pantiga, Samuel</subfield>
<subfield code="e">author</subfield>
</datafield>
<datafield tag="720" ind1=" " ind2=" ">
<subfield code="a">Marín Luna, Marta</subfield>
<subfield code="e">author</subfield>
</datafield>
<datafield tag="720" ind1=" " ind2=" ">
<subfield code="a">Silva López, Carlos</subfield>
<subfield code="e">author</subfield>
</datafield>
<datafield tag="720" ind1=" " ind2=" ">
<subfield code="a">Sanz Díez, Roberto</subfield>
<subfield code="e">author</subfield>
</datafield>
<datafield tag="260" ind1=" " ind2=" ">
<subfield code="c">2020-07</subfield>
</datafield>
<datafield tag="520" ind1=" " ind2=" ">
<subfield code="a">The first general regio‐ and stereoselective 5‐exo gold(I)‐catalyzed alkoxycyclization of a specific class of 1,5‐enynes such as 1,3‐dien‐5‐ynes has been described, despite 1,5‐enynes being known to almost invariably proceed via endo cyclizations under gold‐catalysis. The configuration of the terminal alkene in the starting 1,3‐dien‐5‐yne plays a crucial role on the regiochemical outcome of the reaction. A wide variety of interesting alkoxy‐functionalized alkylidenecyclopentenes have been synthesized from 1‐monosubstituted (E)‐1,3‐dien‐5‐ynes. On the contrary, the corresponding Z isomers evolve affording formal 6‐endo cyclization products. In addition, mechanistic exploration supports a highly stabilized carbocation as a key intermediate instead of a highly constrained cyclopropyl gold carbene from E isomers, and also accounts for the well differentiated reactivity observed between both E/Z geometrical isomers as well as for the stereochemical outcome of the reaction.</subfield>
</datafield>
<datafield tag="024" ind2=" " ind1="8">
<subfield code="a">0947-6539</subfield>
</datafield>
<datafield tag="024" ind2=" " ind1="8">
<subfield code="a">http://hdl.handle.net/10259/5531</subfield>
</datafield>
<datafield tag="024" ind2=" " ind1="8">
<subfield code="a">10.1002/chem.202001296</subfield>
</datafield>
<datafield tag="024" ind2=" " ind1="8">
<subfield code="a">1521-3765</subfield>
</datafield>
<datafield tag="245" ind1="0" ind2="0">
<subfield code="a">Unlocking the 5‐            exo            Pathway with the Au            I            ‐Catalyzed Alkoxycyclization of 1,3‐Dien‐5‐ynes</subfield>
</datafield>
</record></metadata></record></GetRecord></OAI-PMH>